000 00407nam a2200121Ia 4500
008 220615s9999||||xx |||||||||||||| ||und||
100 _aBhaskar Biswas||Chandraleka Saravanan
245 0 _aLigand
546 _aEnglish[eng]
650 _aPhysical Sciences||Engineering and Technology||Chemistry||Bioinorganic Chemistry||Inorganic Chemistry
856 _uhttps://www.intechopen.com/books/ligand
942 _cEB
999 _c14443
_d14443